Tilastot visalle Väkirikkaimmat naapurimaaparit

Klikkaa tästä pelataksesi tätä visaa!

Yleistilastot

  • Tätä visaa on pelattu 403 kertaa
  • Keskiarvotulos 19 / 23

Vastaustilastot

Valtio% Oikein
Kiina
100%
Venäjä
99%
Intia
98%
Yhdysvallat
95%
Meksiko
94%
Pakistan
93%
Kanada
92%
Brasilia
91%
Argentiina
89%
Iran
89%
Ranska
88%
Bangladesh
86%
Saksa
85%
Kolumbia
83%
Afganistan
80%
Turkki
80%
Vietnam
80%
Ukraina
78%
Myanmar
77%
Kongon dem. tasavalta
74%
Etiopia
60%
Kenia
58%
Tansania
58%

Tulosjakauma

Persentiili vastausten määrän mukaan

Jokaisen tuloksen saaneiden osuus

Tuloshistoriasi

Et ole pelannut tätä visaa